Nursing diagnosis / (Record no. 12274)

MARC details
000 -LEADER
fixed length control field 00607cam a22002052 4500
001 - CONTROL NUMBER
control field 0000025283
005 - DATE AND TIME OF LATEST TRANSACTION
control field 20151217155239.0
008 - FIXED-LENGTH DATA ELEMENTS--GENERAL INFORMATION
fixed length control field 150520s xx 000 0 eng d
020 ## - INTERNATIONAL STANDARD BOOK NUMBER
International Standard Book Number 1608311101 :
040 ## - CATALOGING SOURCE
Original cataloging agency KABU
Transcribing agency KABU
100 1# - MAIN ENTRY--PERSONAL NAME
Personal name Carpenito-Moyet, Lynda Juall.
-- 0000185816
245 10 - TITLE STATEMENT
Title Nursing diagnosis /
Statement of responsibility, etc. by Lynda Juall Carpenito.
250 ## - EDITION STATEMENT
Edition statement 14th ed.
260 ## - PUBLICATION, DISTRIBUTION, ETC. (IMPRINT)
Place of publication, distribution, etc. Philadelphia :
Name of publisher, distributor, etc. Wolters Kluwer,
Date of publication, distribution, etc. 2013.
300 ## - PHYSICAL DESCRIPTION
Extent xxii, 874 p.
650 #0 - SUBJECT ADDED ENTRY--TOPICAL TERM
Topical term or geographic name as entry element Nursing diagnosis.
-- 0000183308
852 1# - LOCATION
-- p4640 KES
908 ## - PUT COMMAND PARAMETER (RLIN)
Put command parameter 150520
950 ## - LOCAL HOLDINGS (RLIN)
-- 1
Holdings
Withdrawn status Lost status Source of classification or shelving scheme Not for loan Home library Current library Date acquired Total Checkouts Total Renewals Full call number Barcode Date last seen Date last checked out Price effective from Koha item type
    Library of Congress Classification   Kabarak, Main Campus Kabarak, Main Campus 17/12/2015 21 4 RT48.6 .N87 2013 c. 1 016675 23/03/2026 27/02/2026 17/12/2015 General Collection
Designed with assistance from East African Informatics Ltd